Latin American economic outlook 2014 logistics and competitiveness for development

Gespeichert in:
Bibliographische Detailangaben
Format: Buch
Sprache:Englisch
Veröffentlicht: Paris OECD 2013
Schlagworte:
Tags: Tag hinzufügen
Keine Tags, Fügen Sie das erste Tag hinzu!

MARC

LEADER 00000nam a2200000 4500
001 0185859
005 20240315120854.7
020 |a 978-92-64-20363-1 
022 |a 2072-5159 
041 0 |a eng 
044 |a FR 
245 1 0 |a Latin American economic outlook 2014  |b logistics and competitiveness for development 
264 1 |a Paris  |b OECD  |c 2013 
300 |a 157 s. 
610 2 0 |a politika hospodárska 
610 2 0 |a situácia hospodárska 
610 2 0 |a rozvoj hospodársky 
610 2 0 |a konkurencieschopnosť 
610 2 0 |a logistika 
610 2 0 |a produktivita 
610 2 0 |a produkcia 
610 2 0 |a zmeny štruktúrne 
610 2 0 |a bohatstvo národné 
610 2 0 |a Latinská Amerika